Countries Closest to Chad - One Minute Sprint - Statistics

General Stats
  • This quiz has been taken 497 times
  • The average score is 15 of 20
Answer Stats
km country % Correct
0 Niger
96%
0 Sudan
96%
0 Libya
94%
167 South Sudan
94%
0 Nigeria
92%
312 Algeria
91%
293 Egypt
91%
0 Central African Republic
90%
337 Democratic Republic of the Congo
86%
961 Tunisia
80%
432 Congo
79%
1018 Mali
78%
0 Cameroon
77%
1159 Ethiopia
73%
1114 Benin
61%
636 Gabon
59%
1237 Burkina Faso
56%
1205 Uganda
51%
754 Equatorial Guinea
44%
1103 São Tomé and Príncipe
23%
No matching quizzes found
Score Distribution
Percent of People with Each Score
Percentile by Number Answered
Your Score History
You have not taken this quiz